[Event "FIDE-Wch k.o."]
[Site "Las Vegas"]
[Date "1999.08.04"]
[Round "2.2"]
[White "Peng, Xiaomin"]
[Black "Almasi, Zoltan"]
[Result "0-1"]
[WhiteElo "2574"]
[BlackElo "2663"]
[Annotator "Ribli,Z"]
[PlyCount "116"]
[EventDate "1999.07.31"]
[EventType "k.o."]
[EventRounds "7"]
[EventCountry "USA"]
[SourceTitle "CBM 072"]
[Source "ChessBase"]
[SourceDate "1999.10.01"]
[SourceVersion "1"]
[SourceVersionDate "1999.10.01"]
[SourceQuality "1"]

{[%mdl 36]} 1. e4 c5 {Der ungarische Grossmeister muss auf Gewinn spielen,
denn er hatte die erste Partie mit Weiss verloren. Normalerweise spielt Almasi
1...e5. Ribli.} 2. Nf3 e6 3. Nc3 a6 4. d4 cxd4 5. Nxd4 Qc7 {Wir haben eine
Grundstellung der Paulsen-Variante. Weiss hat Entwicklungsvorteil, aber die
schwarze Stellung ist elastisch.} 6. g3 {Mit einem Remis würde Weiss in die
nächste Runde einziehen. Er spielt daher einen sicheren Aufbau.} Bb4 {Mit
diesem Zug möchte Schwarz die normale Entwicklung des Damenflügels stören.} (
6... Nf6 7. Bg2 d6 8. O-O Be7) (6... Nc6) 7. Bd2 (7. Nde2 $5 {Das ist die
andere Hauptmöglichkeit für Weiss. Er setzt mit Bg2, 0-0, f4 ,g4 fort.}) 7...
Nf6 8. Bg2 Nc6 9. Nb3 {Dieser Zug ist noch theoretisch bekannt, aber gefällt
mir nicht. Meines Erachtens wäre es besser, 9.Nxc6 zu spielen und die Stellung
zu vereinfachen.} (9. Nxc6 bxc6 (9... dxc6 $11 {Die Bauernstellung ist
symmetrisch und Schwarz hat keine Eröffnungsprobleme.}) 10. O-O Be7 11. Re1 e5
12. Na4 O-O 13. c4 d6 14. b4 (14. h3 h6 15. Rc1 Rb8 16. b3 Nd7 17. c5 Nxc5 18.
Nxc5 dxc5 19. Be3 {1/2-1/2 Mansurov,A-Tunik,G/Yalta 1995/CBM 47 ext (58)})
14... Be6 15. Qe2 Nd7 16. Be3 Rfb8 17. Rab1 c5 18. bxc5 Nxc5 19. Bxc5 dxc5 20.
Nc3 {1/2-1/2 Rusanov,M-Kochyev,A/St. Petersburg 1999/CBM 70 ext (31)}) 9... Be7
{Die weissen Leichtfiguren Bd2 und Nb3 stehen ein wenig unglücklich und
Schwarz möchte ...0-0, ...d6, ...b6 oder ...b5 mit komplitziertem Kampf
spielen.} (9... h5 $5 10. f4 d6 11. a3 $6 (11. Qe2 $5) 11... Bxc3 12. Bxc3 e5
$1 {[%csl Rb3,Rc3] 0-1 Kudrin,S-Miezis,N/New York 1998/CBM 64/[Ribli] (64)})
10. f4 (10. O-O d6 (10... O-O 11. Bf4 d6 12. a4 b6 13. Qe2 Bb7 14. h3 Rac8 15.
Be3 Ne5 16. Nd2 Nfd7 17. Rfd1 Rfd8 18. f4 Nc4 {0-1 Mnatsakanian,E-Khurtsidze,N/
Erevan 1996/CBM 52 ext (40)}) 11. a4 b6 12. f4 Bb7 13. Kh1 h5 14. h3 Nd7 15.
Qe2 Na5 16. Rae1 Rc8 17. Nd4 Bf6 18. Qf2 Nc4 19. Bc1 Qc5 20. Rd1 e5 {0-1
Semeniuk,A-Tunik,G/Kuibishev 1990/CBM 21 (44)}) 10... d6 11. O-O (11. Qf3 Nd7
12. O-O-O Nb6 13. Kb1 Nc4 14. Bc1 Bd7 15. g4 h6 16. h4 O-O-O 17. g5 hxg5 18.
hxg5 Kb8 {1/2-1/2 Fedorov,A-Balashov,Y/RUS-Cup02 1998 (37)}) (11. a4 b6) 11...
b5 $5 {Mit der Rochade kann Schwarz noch warten, zuerst gewinnt er Raum am
Damenflügel.} (11... h5 12. Qe2 h4 13. g4 h3 14. Bf3 b5 15. g5 Nd7 16. Rae1 Bb7
17. g6 fxg6 18. Bg4 Nd8 19. Nd4 Nf8 {1-0 Sutovskij,E-Kogan,A/Rishon le Zion
1995/CBM 46 (58)}) (11... O-O 12. g4 b5 13. g5 Nd7 14. a3 Bb7 15. Rf3 Rfe8 16.
Rh3 g6 17. Qe1 b4 $6 (17... Bf8 18. Qh4 h6 $13) 18. Qh4 h5 19. Bf3 $1 $40 {
1-0 Fedorov,A-Khurtsidze,N/Krasnodar 72/175 1998/[Fedorov,A] (29)}) 12. a3 {
Meines Erachtens kann Schwarz mit dem Eröffnungsergebnis zufrieden sein, wenn
Weiss in der Sizilianischen Verteidigung diesen Zug spielen muss.} (12. Qe2 Bb7
13. Rae1 O-O 14. Be3 Nd7 15. a3 Nb6 16. Kh1 Nc4 17. Bc1 Bf6 18. g4 Bxc3 19.
bxc3 f5 20. h3 Kh8 $13 {1-0 Svidler,P-Shulman,Y/St.Petersburg 1994/EXT 98 (42)}
) 12... Bb7 13. Kh1 O-O $11 {Schwarz ist harmonisch entwickelt.} 14. g4 $6 {
Dieser Zug hilft nur dem Gegner. Ich denke Weiss hat keinen positionellen
Grund für diesen Angriff und andererseits ist es ja Schwarz, der die Partie
verkomplizieren muss.} (14. Be3 $11) {[#]} 14... d5 $1 $13 {Ein typisches
Bauernopfer, dessen Annahme für Weiss mehr als gefährlich wäre.} 15. e5 {
Weiss muss die Stellung geschlossen halten, ansonsten bekommt Schwarz
gefährliche Initiative.} (15. exd5 Nxd5 (15... exd5 $2 16. g5 $16) 16. Nxd5 (
16. Bxd5 $6 exd5 $15 17. Nxd5 $2 Na7 {[%cal Gb7h1]} 18. Qf3 Qd7 19. Nxe7+ Qxe7
$19) 16... exd5 17. Bc3 (17. Bxd5 Nd4 18. Nxd4 (18. Bxb7 $2 Qxb7+ 19. Kg1 Nxb3
20. cxb3 Bc5+ $19) 18... Bxd5+ 19. Kg1 Rad8 $44) 17... Rad8 $13) 15... Nd7 16.
g5 {Eigentich ein Verteidigungszug, der gegen ...g7-g5 gerichtet ist.} (16. Be3
g5 $5 17. fxg5 Ndxe5 $13) 16... Rfd8 {[%cal Gd8d1]} (16... d4 17. Ne4 $13) 17.
Ne2 d4 $1 {Rechtzeitig gespielt! Jetzt der steht der Springer e2 unglücklich.}
18. Ng3 (18. Nexd4 $2 Nxd4 19. Nxd4 Bxg2+ (19... Nxe5 $17) 20. Kxg2 Nxe5 $17)
18... a5 $15 {[%cal Ga5a4] Schwarz hat Initiative am Damenflügel und
Raumvorteil im Zentrum.} 19. Nc1 {[%cal Gc1d3]} Bf8 {[%cal Gc6e7,Ge7d5,Ge7f5]
Schwarz befreit das Feld e7 für den Springer.} 20. Nd3 Nb6 {[%cal Gb6c4,Gc4e3,
Gb6d5,Gd5e3]} 21. Qe2 Nc4 22. Rg1 Ne7 {[%csl Gc4,Ye3,Ge7][%cal Ge7d5,Gd5e3,
Gc4e3,Ge7f5,Gf5e3]} 23. Rad1 (23. b3 Nxd2 24. Qxd2 Nd5 $17 {[%csl Rc3,Re3]
[%cal Gd5c3,Gd5e3]}) 23... Nd5 {[%cal Gd5e3,Gc4e3] Beide Springer
kontrollieren das positionelle Loch auf e3.} 24. Nf1 Rac8 {[%cal Gc8c2] Weiss
hat kein Gegenspiel, während Schwarz am Damenflügel voranschreitet.} 25. h4 $5
{Die Stellung ist schlecht und Weiss sucht eventuelle Chancen am Königsflügel.}
Ne7 {[%cal Ge7f5,Gf5h4,Gf5e3]} 26. Ng3 Nd5 27. Nf1 b4 $1 {[%cal Gb7a6,Ga6e2]}
28. axb4 axb4 29. h5 Ba6 {[%csl Re2][%cal Ga6e2,Rc4b2] Wegen der Fesselung
hängt b2.} 30. Qf2 Qa7 {[%csl Ye3][%cal Ga7e3]} 31. Bxd5 {Eine schwere
positionelle Entscheidung. Nach diesem Zug hat Schwarz ewige Kontrolle über
die weissen Felder, aber die Drohung ...Nde3 war gefährlicher.} Rxd5 $17 32. g6
fxg6 33. hxg6 h6 $5 {Nach diesem Zug hat Weiss nichts am Königsflügel. Der
g6-Bauer steht nur scheinbar gefährlich.} (33... hxg6 34. Rxg6 Nxb2 35. Nxb2
Rxc2 $44) 34. Kh2 Qb7 35. Rg3 Be7 {[%cal Re7h4,Rh4f2] Es droht 36...Bh4.} 36.
Rh3 Rf8 {[%csl Rf2][%cal Gf8f1,Rc4e5] Es droht 37...Nxe5.} 37. Qg2 b3 $1 {
Schwarz öffnet die Stellung am Damenflügel und der d3-Springer verliert seine
Unterstützung.} 38. cxb3 Qxb3 {[%cal Rb3d1]} 39. Ra1 Qb6 {[%cal Gb6e3]} 40. f5
{Das ist der letzte Zug vor der Zeitkontrolle. Die Stellung ist kaum haltbar
für Weiss. Er spielt daher einen scharfen, aber schlechten Zug.} Nxd2 $138 {
Dieser Zug ist gut genug, aber die Annahme des "Opfers" wäre noch besser.} (
40... Rxf5 $1 41. Ng3 Rf8 $17) 41. f6 $5 {Was hat Weiss zu verlieren?} (41.
Nxd2 Rxf5 $19) 41... Nxf1+ 42. Rxf1 Bxf6 $1 {Schwarz gibt die Figur zurück und
kann die Partie mit zwei Mehrbauern gewinnen.} (42... gxf6 $2 43. Rxh6 Bxd3 44.
Rh8+ Kg7 (44... Kxh8 45. Qh3+ Kg7 46. Qh7#) 45. Rh7+ Kg8 $11) (42... Bb4 $4 43.
f7+ Kh8 44. Rxh6+ gxh6 45. g7+ $18) 43. exf6 Qc7+ {Schwarz verteidigt die 7.
Reihe.} (43... Rxf6 44. Rxf6 gxf6 $19) 44. Kh1 Rxf6 45. Rxf6 gxf6 46. Qe4 (46.
Rxh6 Bxd3 $19) 46... Bb7 $1 {[%csl Re4,Rh1][%cal Gb7h1] Der Bauer e6 ist ohne
Bedeutung.} 47. Qxe6+ Kg7 48. Qf7+ $8 {Weiss muss die Damen tauschen, erreicht
aber ein verlorenes Endspiel.} Qxf7 49. gxf7 Rg5+ 50. Kh2 Rg2+ 51. Kh1 Kxf7 (
51... Rxb2+ 52. Kg1 Rg2+ 53. Kf1 Kxf7 54. Rxh6 $17) 52. b4 (52. Rxh6 Rg6+ $19 {
[%cal Rg6h6,Rb7h1]}) 52... Be4 {[%csl Ge4]} 53. Nc5 Bd5 54. Nd3 Rg3+ 55. Kh2
Rxh3+ 56. Kxh3 Bc4 $19 {Mit zwei Bauern mehr steht Schwarz auf Gewinn.} 57. Nf2
Ke6 {Die Zentralisierung des Königs entscheidet die Partie.} 58. Kg3 Ke5 (58...
Ke5 59. Ng4+ Kf5 60. Nxh6+ Ke4 61. Ng4 f5 62. Nf2+ Ke3 $19) 0-1

[Event "MK Cafe Cup-A"]
[Site "Koszalin"]
[Date "1999.08.08"]
[Round "6"]
[White "Salmensuu, Olli"]
[Black "Kveinys, Aloyzas"]
[Result "0-1"]
[WhiteElo "2443"]
[BlackElo "2515"]
[Annotator "Ribli,Z"]
[PlyCount "96"]
[EventDate "1999.08.03"]
[EventType "swiss"]
[EventRounds "9"]
[EventCountry "POL"]
[SourceTitle "CBM 073"]
[Source "ChessBase"]
[SourceDate "1999.12.01"]
[SourceVersion "1"]
[SourceVersionDate "1999.12.01"]
[SourceQuality "1"]

{[%mdl 10240]} 1. e4 c5 2. Nf3 e6 3. d4 cxd4 4. Nxd4 a6 5. Nc3 b5 {
Grossmeister Kveinys spielt gerne die Paulsen Variante, aber auch seine eigene
Variante 1.e4 c5.2.Nf3 e6 3.d4 cxd4 4.Nxd4 Qb6. Ribli.} 6. Bd3 Qb6 7. Nb3 Qc7 {
Schwarz muss mit der Dame freiwillig zurückgehen, sonst kommt Weiss mit 8.a4
und nach 8...b4 9.a5 mit Tempo, wonach 10.Na4 stark ist. Nach der
Partiefortsetzung wäre 8.a4 wegen 8...b4 hingegen gar nicht gefährlich.} 8. O-O
{Die Alternativen sind 8...d6 und 8...Nf6, aber der Textzug ist die beste
Möglichkeit für Schwarz.} Bb7 9. f4 Nf6 (9... b4 $5 {Nach 9.f4 ist der
e4-Bauer schwach. Daher empfehle ich diesen sofortigen Vorstoss.} 10. Ne2 (10.
Na4 $2 Bc6 (10... Qc6 11. Na5 {[%cal Ra5b7,Ra5c6]} Qxa4 12. Nxb7 Qc6 $19) 11.
Nac5 d6 $19) (10. Nb1 $13) 10... Nf6 11. e5 (11. Ng3 $6 h5 12. e5 h4 13. Nf5 $5
Nd5 $15) 11... Nd5 $13 (11... Ne4 $13)) 10. Qf3 (10. Qe2 Be7 (10... b4 11. Nd1
d6 12. Nf2 Nc6 13. Be3 Be7 14. Rad1 O-O 15. g4 d5 16. g5 Nxe4 17. Nxe4 dxe4 18.
Bxe4 Na5 19. Bxb7 Nxb7 20. Bd4 Rfc8 21. Rd2 Nd6 22. Bc5 Nf5 23. Bxe7 Qxe7 {
0-1 Sasaki,K-Zagorskis,D/Elista 1998/CBM 66 ext (36)}) 11. Bd2 h5 12. Rae1 Nc6
13. e5 Ng4 14. Ne4 Qb6+ 15. Kh1 a5 {0-1 Arzumanian,G-Prikhodko,A/Alushta 1999/
CBM 70 ext (39)}) (10. e5 b4 11. Nb1 (11. Ne2 Nd5 12. Ng3 (12. Qe1 f5 13. exf6
Nxf6 14. c4 a5 15. f5 a4 16. Nd2 Bc5+ 17. Kh1 O-O {1/2-1/2 Andreev,E-Masserey,
Y/Rotterdam 1998/EXT 99 (34)}) 12... Be7 13. Qe2 g6 14. Ne4 (14. Kh1 d6 $11)
14... Nc6 15. Kh1 a5 16. c4 bxc3 17. bxc3 f5 $6 (17... a4 $14) 18. exf6 Nxf6 {
Lukin,A-Khalifman,A/Moscow (rapid) 1997/Inf 70/[Svidler,P; Lukin,A] (18)})
11... Nd5 12. Qe2 Nc6 13. N1d2 d6 14. Nc4 Be7 15. exd6 Bxd6 16. Nxd6+ Qxd6 17.
Qf2 O-O 18. Nc5 Bc8 19. Bd2 a5 20. Rad1 Nce7 {1/2-1/2 Nijboer,F-Hoffmann,M/
BL98/99 Porz-Castrop 1998/BL9899 (49)}) 10... d6 11. Bd2 Nbd7 {Weiss ist
besser entwickelt und hat Angriffschancen, aber die schwarze Stellung ist
elastisch.} 12. Rae1 Be7 {Das ist die gewönliche Läuferentwicklung, aber 12...
g6 und 13...Bg7 kommt stark in Betracht.} (12... g6 13. Qh3 Bg7 14. Nd4 O-O 15.
Nf3 b4 16. Nd1 Nc5 17. Nf2 a5 18. Ng5 h6 19. Nf3 d5 20. e5 Nfe4 21. Be3 a4 {
0-1 Berzinsh,R-Movsesian,S/Czech Extraleague 1999 (35)}) 13. Qg3 (13. Qh3 b4
14. Nd1 d5 15. e5 Ne4 16. Be3 g6 17. Nf2 Ndc5 18. Nxc5 Nxc5 19. Bd4 O-O-O 20.
Qe3 {0-1 Hartman,C-Kengis,E/Gistrup 1997/EXT 98 (40)}) 13... g6 (13... O-O 14.
e5 Nd5 15. Na5 $5 {[%csl Ga5][%cal Ga5b7]} dxe5 (15... Qxa5 $2 16. Nxd5 Qd8 (
16... Qxd2 17. Nxe7+ Kh8 18. Rd1 Qb4 19. Bxh7 $18 {[%csl Rh8][%cal Gg3h4,Gh4h8]
}) 17. Nxe7+ Qxe7 18. Bb4 $18 {[%csl Rd6][%cal Rb4f8]} Nc5 19. f5 {[%cal Gg3d6,
Rf5f6,Rf6e7,Rf6g7]}) 16. Nxb7 Qxb7 17. fxe5 $14) 14. Kh1 (14. e5 Nh5 (14...
dxe5 15. fxe5 Nh5 16. Qe3) 15. Qe3 dxe5 16. fxe5 b4 17. Nd1 O-O $13) 14... O-O
15. a3 {Weiss verteidigt sich gegen ...b5-b4, aber diese genügsame Fortsetzung
bietet ihm nichts.} (15. e5 Nh5 16. Qe3 dxe5 17. fxe5 b4 $13) 15... Rfe8 16. f5
(16. e5 Nh5 17. Qe3 Rac8 $13) 16... Bf8 $11 {Schwarz hat gutes Figurenspiel.} (
16... Ne5 $5 17. fxe6 fxe6 18. Nd4 Qd7 19. Re2 $13) 17. fxg6 (17. fxe6 fxe6 $11
(17... Rxe6 18. Nd4 $14)) 17... hxg6 18. Qh4 Bg7 19. Re3 {[%cal Ge3h3,Gh3h8]
Weiss aktiviert den Turm, aber in Wirklichkeit hat er keine gefährlichen
Drohungen in der h-Linie.} (19. Bh6 Bxh6 20. Qxh6 Ng4 21. Qg5 Nge5 $11) 19...
Nh7 20. Rh3 Ndf8 {In der schwarzen Stellung ist alles gut verteidigt und seine
Läufer stehen prächtig in den langen Diagonalen.} 21. Nd1 {[%cal Gd1e3,Ge3g4,
Gg4f6,Gg4h6,Gd1f2,Gf2g4] Der Springer strebt nach g4.} (21. Rhf3 f5 $13) 21...
Rac8 22. Ne3 $6 (22. Bc3 $11) 22... Qe7 {Schwarz möchte die Damen tauschen und
so dem weissen Angriff den Wind aus den Segeln nehmen.} (22... Bxb2 {Auf
ersten Blick scheint das gefährlich, aber ich sehe keine konkrete Widerlegung.}
23. c4 (23. Ng4 f5 24. Nh6+ Kh8 $15) 23... Qd7 $15) 23. Ng4 {Weiss muss den
Damentausch zulassen, sonst hängt b2.} (23. Qf2 Bxb2 $17) 23... Qxh4 24. Rxh4
Rc7 {Schwarz hat eine bequeme Stellung. Normalerweise, wenngleich nicht immer,
ist der Damentausch in der Sizilianischen Verteidigung vorteilhaft für Schwarz,
denn Weiss kann nicht so einfach angreifen.} 25. Nh6+ (25. Bb4 Rd7 $11) 25...
Bxh6 26. Rxh6 e5 {[%csl Rb3][%cal Gf8e6,Ge6f4,Ge6d4,Ge6c5]} 27. Na5 Ba8 28. Rh4
{Der Turm kehrt zurück. Er war auf h6 überflüssig.} Ne6 $15 {[%cal Ge6c5,Ge6d4]
Weiss hat das Läuferpaar, aber der d3-Läufer steht passiv. Der schwarze
e6-Springer kontrolliert die wichtigsten Felder im Zentrum.} 29. b4 {Weiss
verhindert 29...Nc5.} Rec8 {[%csl Rc2][%cal Rc8c2]} 30. a4 $2 {Weiss ist
entweder arglos oder hat keine Angst vor der schwarzen Hauptdrohung.} (30. Be3
$142 Nhf8 $15 (30... d5 31. exd5 Bxd5 $15)) {[#]} 30... Rxc2 $1 {Tigran
Petrosian wäre zufrieden! Nach diesem positionellen Qualitätsopfer erringt
Schwarz die Herrschafft über die weissen Felder.} 31. Bxc2 Rxc2 {[%csl Gc2,Rd2]
[%cal Ga8h1]} 32. Bh6 (32. axb5 axb5 $17) 32... g5 $1 $17 {[%csl Rh4] Und
Weiss verliert den wichtigen Bauern e4.} (32... bxa4 $17) 33. Rh3 (33. Rg4 Nf6
{[%cal Rf6g4,Rf6e4]} 34. Rxf6 Rc1+ $19) 33... Bxe4 {[%cal Re4g2,Rg2f1,Rg2h1,
Rg2h3]} 34. Rg3 Nf4 {[%csl Rg2] Weiss kann g2 nicht mehr verteidigen.} 35. axb5
axb5 36. h4 (36. Bxg5 Ne2 {[%csl Rg3,Rg5]} 37. Rg4 f5 $19) 36... Nxg2 {[%csl
Rh1][%cal Ge4h1]} (36... Bxg2+ 37. Rxg2 Nxg2 38. hxg5 Ne3 $19) 37. Kg1 {
Der König muss aus der langen Diagonalen.} Nf4 {[%cal Rf4e2,Re2g1,Re2g3]} 38.
Re1 Ne2+ {[%cal Re2g3,Re2g1] Schwarz gewinnt die Qualität zurück.} 39. Rxe2
Rxe2 $19 40. hxg5 {Schwarz steht mit seinen beiden gesunden Mehrbauern auf
Gewinn.} (40. Bxg5 Nxg5 41. Rxg5+ Kh7 $19) 40... Nf8 {[%cal Gf8g6,Gg6f4,Gf8e6,
Ge6f4]} 41. Rc3 {[%cal Rc3c8,Rc8g8]} (41. Bxf8 Kxf8) 41... Ne6 {[%csl Rh6]
[%cal Ge6d4,Ge6f4] Die Erscheinung des Springers entscheidet den Kampf.} 42.
Nc6 Bxc6 (42... Nf4 $19) 43. Rxc6 Re4 {[%cal Re4b4]} 44. Rxd6 Rxb4 {Das
Material ist reduziert, aber mit zwei Mehrbauern gewinnt Schwarz leicht.} 45.
Rd5 (45. g6 Rg4+ $19 {[%cal Rg4g6,Rg4g1]}) 45... Nxg5 $1 46. Kg2 (46. Bxg5 Rg4+
47. Kf2 Rxg5 48. Rxb5 Kg7 $19) (46. Rxe5 Nf3+ $19 {[%cal Rf3e5,Rf3g1]}) 46...
Kh7 47. Bf8 (47. Bxg5 Rg4+ $19 {[%cal Rg4g5,Rg4g2]}) 47... Rb2+ 48. Kg3 f6 {
Und Weiss gab auf.} 0-1

[Event "MK Cafe Cup-A"]
[Site "Koszalin"]
[Date "1999.08.04"]
[Round "2"]
[White "Bobras, Piotr"]
[Black "Poluljahov, Aleksandr"]
[Result "0-1"]
[WhiteElo "2394"]
[BlackElo "2554"]
[Annotator "Ribli,Z"]
[PlyCount "58"]
[EventDate "1999.08.03"]
[EventType "swiss"]
[EventRounds "9"]
[EventCountry "POL"]
[SourceTitle "CBM 073"]
[Source "ChessBase"]
[SourceDate "1999.12.01"]
[SourceVersion "1"]
[SourceVersionDate "1999.12.01"]
[SourceQuality "1"]

{[%mdl 8200]} 1. e4 {Meulders} c5 2. Nf3 e6 3. d4 cxd4 4. Nxd4 a6 5. Nc3 b5 {
Diese scharfe Fortsetzung ist sehr populär in der letzten Zeit. Schwarz
beschäftigt sich nicht mit der Entwicklung, sondern gewinnt Raum am
Damenflügel und strebt nach sofortigem Gegenspiel. Ribli.  Meulders: 'Schon
der fünfte Bauernzug nacheinander! Es ist klar dass dies eine scharfe Variante
ist.'} 6. Bd3 Qb6 {Die Alternativen sind: 7.Nf3 und 7.Nb3.} 7. Be3 {Meulders:
'Der meist gespielte Zug hier ist 7.Nb3. Auch 7.Nce2 kommt vor.'} Bc5 8. Be2 {
Dieser Läuferzug scheint sonderbar, denn Weiss hat schon 6.Bd3 gespielt, ist
aber die beste Möglichkeit für Weiss.  Meulders: 'Bis vor kurzem wurde nur das
schächere 8.Nce2 gespielt.'} (8. Nce2 {Nach diesem Zug bekommt Schwarz sehr
gutes Spiel.}) 8... Bb7 $5 {Dieser logische Zug ist eine theoretische Neuerung.
} (8... Nc6 {Meulders: führt zu sehr komplizierten Spiel, weil nach} 9. Nxc6 {
Schwarz mit Bauer oder Dame auf c6 zurucknehmen kann, oder auf e3 nehmen.}) 9.
a4 $5 (9. Qd2 d6 (9... Nc6 10. O-O-O) 10. O-O-O $13) (9. O-O $2 Nc6 {[%cal
Gb6g1]} 10. Nxc6 Bxe3 11. Ne5 (11. fxe3 Qxe3+ 12. Kh1 Bxc6 $17) 11... Bd4 $17)
9... Nc6 $8 (9... b4 10. a5 Qc7 (10... Qd8 11. Na4 $16 (11. Na4 {Meulders} Ba7
12. Nb6 Bxb6 13. axb6 Nf6 (13... Qxb6 $4 14. Nf5 $18) 14. f3 d5 15. e5 Nfd7 16.
Qd2 O-O 17. Qxb4 Nxe5 18. O-O Nbd7 19. Nb3 $16)) 11. Ndb5 axb5 12. Nxb5 Qc6 13.
Bxc5 Qxc5 14. Nd6+ {[%cal Rd6e8,Rd6b7] '+-' Meulders.} Ke7 15. Nxb7 Qc7 16. a6
$16) 10. Nxc6 dxc6 (10... Bxe3 11. fxe3 dxc6 12. Qd4 Qxd4 13. exd4 $14) (10...
Bxc6 $2 11. Bxc5 Qxc5 12. axb5 axb5 13. Rxa8+ Bxa8 14. Nxb5 $16) 11. Bxc5 Qxc5
{Eine ähnliche Stellung haben wir in der Zugfolge 8.Be2 Nc6 (statt der
Partiefortsetzung - 8...Bb7!?) 9.Nxc6 dxc6 10.Bxc5 Qxc5, aber dort ist die
beste weisse Möglichkeit 11.Qd3.} 12. axb5 (12. O-O Rd8 13. Bd3 b4 $11) (12.
Qd3 {Meulders} b4 13. Nd1 Nf6 $15 14. Ne3 Rd8) 12... cxb5 (12... axb5 13. Rxa8+
Bxa8 14. Qa1 Bb7 15. Qa5 $14 {[%cal Ga5c7]}) 13. O-O Nf6 $11 {Schwarz kann
zufrieden sein mit dem Ergebnis der Eröffnung. Er hat eine gesunde Stellung,
die Diagonale des b7-Läufers ist geöffnet und er hat keine Probleme.} (13... b4
{Meulders} 14. Na4 Qe5 15. Qd2 Rb8 16. Rfd1 $14) 14. Bd3 O-O 15. Qe2 {[%cal
Ge4e5]} e5 {'=/+' Meulders. Nach diesem Zug ist der d3-Läufer eingeschlossen.}
16. Nb1 $6 {Die Rückkehr des Springers scheint mir zu passiv zu sein,
wenngleich Weiss stets mit ...b4 rechnen musste.} (16. Kh1 Bc6 17. f3 $11)
16... Bc6 {Meulders: '/\...a5'} 17. Nd2 a5 $15 {[%csl Ga5,Gb5] Schwarz
mobilisiert seinen Bauern am Damenflügel, während es für Weiss nicht einfach
ist, einen Plan zu finden.} 18. Kh1 $6 (18. Rfe1 $5 {[%cal Ge2e3,Ge3c5] und
Weiss könnte Qe3 folgen lassen.}) 18... a4 19. c3 Rfd8 {[%cal Gd8d2] Schwarz
möchte die Türme in der d-Linie verdoppeln.} (19... a3 $15 {Meulders}) 20. Rfd1
$2 {Weiss ist arglos. Der Turm verlässt den Königsflügel, was sofort zu
katastrophalen Folgen führt.} (20. Rad1 a3 (20... Rd7 {Meulders} 21. Nb1 b4 $15
) 21. bxa3 Rxa3 22. Nb1 $15) {[#]} 20... Rxd3 $1 $17 {Mit diesem zeitweiligen
Qualitätsopfer gewinnt Schwarz einen Bauern und bekommt überlegenes Spiel.} 21.
Qxd3 Ng4 {[%csl Rf2][%cal Rg4f2,Rf2h1,Rf2d3,Rf2d1] '-+' Meulders.} 22. Rf1
Nxf2+ 23. Rxf2 Qxf2 {Schwarz besitzt einen Mehrbauern und die wertvollere
Leichtfigur.} 24. Qd6 (24. Rf1 Qb6 $17 (24... Qc5 $17)) 24... Rc8 {Die weisse
Dame wirkt aktiv auf d6, aber Schwarz kontrolliert alle wichtigen
Einbruchsfelder.} 25. Rf1 Qe2 {[%csl Ge2]} 26. Kg1 (26. h3 h6 $17 (26... Bxe4
$6 27. Nxe4 Qxe4 28. Qd7 {[%cal Rd7c8,Rd7f7,Rd7b5]} Rf8 (28... Qc4 29. Rxf7 $11
) 29. Qxb5 f6 (29... Rd8 30. Ra1) 30. Ra1 Ra8 $15)) 26... h6 $5 {Mit diesem
Zug befreit Schwarz seine Grundreihe.} (26... Bxe4 $6 27. Nxe4 Qxe4 28. Qd7 {
[%cal Rd7c8,Rd7f7,Rd7b5]} Rf8 29. Qxb5 $15) 27. Nf3 Qxb2 28. Nxe5 Bxe4 $19 {
[%csl Rg2][%cal Rb2g2] Weiß ist völlig ohne Kompensation für die schwarzen
Mehrbauern.} 29. Rf2 Qc1+ {Weiss gab seine hoffnungslose Stellung auf.} 0-1